000 01158nam a22003377a 4500
003 CHAP
005 20220817041334.0
008 971013s1986 r 00010 d
010 _a11634
011 _a12606
035 _a15792
040 _cCHAP
090 _aFolleto 11727
110 _aMéxico. Secretaría de la Presidencia
_977192
245 _aPrograma Nacional de Desarrollo Rural Integrado, 1985-1988
_b: Sistema integral de estímulos a la producción agropecuaria
260 _aMéxico :
_bLa Secretaría,
_c1986
300 _a2 v.
500 _aD14-228
505 _aContenido : v.1 Marco conceptual -- v.2 Instrumentación y puesta en marcha
590 _aBATCH-UPD
_b10
_c20130110
_lUCH01
_h0955
590 _aBATCH-UPD
_b10
_c20130410
_lUCH01
_h0607
590 _aBATCH-UPD
_b10
_c20130914
_lUCH01
_h1154
590 _aCONVERSION
_b10
_c20130109
_lUCH01
_h1308
650 1 4 _aDesarrollo rural.
_932067
650 1 4 _aPolítica agrícola
_zMéxico.
650 1 4 _aPolítica forestal
_zMéxico.
_990610
650 1 4 _aPolítica ganadera
_zMéxico.
901 _aBK
942 _cFOLL
949 _aFolleto 11727
_bBC
_cFOLL
_d-28001
_eTS1
_i15792
_si
999 _c11634
_d11634